4000 more facts

Bibliographic Details
Main Author: Farndon,John
Format: Book
Published: London : Bardfield press , 2004
Subjects:

MARC

LEADER 00000cam a2200000 7i4500
001 0000004944
005 20151222.0
008 070731
020 |a 1842364774 
090 0 0 |a JF   |b SC ENG (5409) 
100 1 |a Farndon,John 
245 1 0 |a 4000 more facts   |c John Farndon 
260 |a London :   |b Bardfield press ,   |c 2004 
500 |a Children ages 7-9 years old (orange) 
650 0 |a Junior fiction   |x Malay   |x Languages 
650 0 |a Science   |x English 
999 |a 0000895772   |b Book   |c Children Collection   |e Cawangan Pontian 
999 |a 0000895774   |b Book   |c Children Collection   |e Cawangan Bandar Penawar 
999 |a 0000895775   |b Book   |c Children Collection   |e Cawangan Mersing 
999 |a 0000895776   |b Book   |c Children Collection   |e Cawangan Segamat 
999 |a 0000895777   |b Book   |c Children Collection   |e Cawangan Tangkak 
999 |a 0000895778   |b Book   |c Children Collection   |e Cawangan Muar 
999 |a 0000895779   |b Book   |c Children Collection   |e Cawangan Tmn. Ungku Tun Aminah 
999 |a 0000970711   |b Book   |c REFERENCE   |e Cawangan Urban Transformation Centre 
999 |a 0001138948   |b Book   |c Children Collection   |e Cawangan Bandar Penawar